Statistics for What Cities has American Ninja Warrior been to?

Click here to take the quiz!

General Stats

  • This quiz has been taken 18 times
  • The average score is 16 of 23

Answer Stats

TimesCity% Correct
4Universal City/ Los Angeles
94%
4Miami
94%
7Venice
94%
2Atlanta
81%
3Dallas
81%
8Las Vegas
75%
1Houston
75%
2Philadelphia
75%
3Denver
69%
2Oklahoma City
69%
1San Antonio
69%
1Cleveland
69%
1Seattle Tacoma
69%
2Kansas City
63%
2Indianapolis
63%
2Baltimore
63%
1St Louis
63%
1Pittsburgh
63%
1Cincinnati
63%
1Orlando
56%
1Minneapolis
44%
1San Pedro
38%
1Daytona Beach
25%

Score Distribution

Percentile by Number Answered

Percent of People with Each Score

Your Score History

You have not taken this quiz